000 00247nam a2200097Ia 4500
001 649575
005 20250826153744.0
008 250824s9999 xx 000 0 und d
245 0 _aOTİZM VE KARDEŞİM
_cOuisie Shapiro
260 _bTÜBİTAK YAYINLARI
999 _c649575
_d649575